00428nam a2200157Ia 450000500170000000800410001704000190005804100120007708200160008910000370010524500590014226000290020130000090023065000210023985000100026020240919100715.0131103s9999 xx 000 0 und d aLoreto College aEnglish a891.44bCHA aChattopadhaya, Sri Khitis Prasad aLekha parab part II cSri Khitis Prasad Chattopadhaya aKolkatabThe bookc[19?] a32p  aBengali language aLCBED